Statistics for Biggest U.S States & Canadian Provinces/Territories

Click here to take the quiz!

General Stats

  • This quiz has been taken 52 times
  • The average score is 8 of 10

Answer Stats

HintAnswer% Correct
1,717,854Alaska
98%
1,542,056Quebec
94%
2,093,190Nunavut
92%
695,621Texas
92%
1,076,395Ontario
88%
944,735British Columbia
79%
661,848Alberta
77%
1,346,106Northwest Territories
77%
651,036Saskatchewan
69%
647,797Manitoba
56%

Score Distribution

Percentile by Number Answered

Percent of People with Each Score

Your Score History

You have not taken this quiz